000 00707nam a22001817a 4500
020 _qHard Cover.
082 _a004
100 _aMuhammad Amin, Aftab Hussain
245 _aFinite Difference Time Domain (FDTD) method for the study of Electromagnetic wave propagation and its Implementation on Parallel Computers
_cMuhammad Amin, Aftab Hussain
260 _aIslamabad :
_bSEECS - NUST,
_c2007
300 _axvi, 156 p. : ill. ;
_c30cm.
563 _aa
650 _aCommunication System Engineering-Project Report
_934568
700 _aDr. Jamil Raza
_934583
856 _uhttp://10.250.8.41:8080/xmlui/handle/123456789/8475
942 _2ddc
_cPR
999 _c540518
_d540518